000 00814nam a2200265Ia 4500
003 OSt
005 20220928113714.0
006 a|||||r|||| 00| 0
007 ta
008 220927b |||||||| |||| 00| 0 eng d
024 _a71168
037 _cTextual
040 _aSDCL
_cSDCL
_beng
041 _2eng
_aeng
082 _aS7:4, P6
100 _aSmith Peter B
_9434589
245 0 _aUnderstanding social psychology across cultures
_b Living and working in a changing world.
260 _aLondon
_bSage Publications
_c2006
300 _avii,323p
_ccm.
490 _aSage Social Psychology Program
650 _aCross Cultural Psychology
_9434590
700 _a Bond Michael Harris
_9434591
942 _hS7:4, P6
_cTEXL
_2CC
999 _c750899
_d750899